[Event "2. Bundesliga West 2011/12"]
[Site "Salzburg"]
[Date "2012.01.29"]
[Round "8"]
[Board "1"]
[White "Deglmann, Ludwig"]
[Black "Berchtenbreiter, Maximilian"]
[Result "0-1"]
[WhiteElo "2324"]
[BlackElo "2330"]
[PlyCount "96"]
[EventDate "2011.10.07"]
[EventType "team"]
[EventRounds "11"]
[EventCountry "AUT"]
[WhiteTeam "Sparkasse Jenbach 2"]
[BlackTeam "Kufstein / Woergl 2"]

1. c4 c6 2. Nf3 d5 3. e3 Nf6 4. Nc3 a6 5. d4 b5 6. c5 g6 7. b4 a5 8. bxa5 Qxa5
9. Bd2 b4 10. Nb1 Ne4 11. a3 Nxd2 12. Nfxd2 Qd8 13. Qb3 e5 14. Qxb4 exd4 15.
Qxd4 f6 16. e4 Bg7 17. Ra2 O-O 18. f4 dxe4 19. Bc4+ Kh8 20. Qxd8 Rxd8 21. Nxe4
Re8 22. Re2 Bg4 23. Re3 f5 24. h3 Bd4 25. hxg4 Bxe3 26. Rxh7+ Kxh7 27. Nf6+ Kh8
28. Nxe8 Nd7 29. Nc7 Rb8 30. Nc3 Bxf4 31. Ne6 Be5 32. Ne2 fxg4 33. Kd2 Ra8 34.
Bd3 Ra5 35. Bxg6 Nxc5 36. N6d4 Bxd4 37. Nxd4 Rxa3 38. Nxc6 Rg3 39. Nd4 Rxg2+
40. Ke3 Kg7 41. Be8 Kf6 42. Bc6 Rb2 43. Ne2 Ke5 44. Bg2 Rb3+ 45. Kf2 Ne4+ 46.
Kg1 Ng5 47. Ba8 Nh3+ 48. Kf1 Rb1+ 0-1

[Event "2. Bundesliga West 2011/12"]
[Site "Salzburg"]
[Date "2012.01.29"]
[Round "8"]
[Board "2"]
[White "Maurer, Jochen"]
[Black "Reich, Thomas"]
[Result "0-1"]
[WhiteElo "2272"]
[BlackElo "2388"]
[PlyCount "80"]
[EventDate "2011.10.07"]
[EventType "team"]
[EventRounds "11"]
[EventCountry "AUT"]
[WhiteTeam "Kufstein / Woergl 2"]
[BlackTeam "Sparkasse Jenbach 2"]

1. d4 Nf6 2. c4 g6 3. Nc3 Bg7 4. e4 O-O 5. f4 d6 6. Nf3 Na6 7. Bd3 Bg4 8. O-O
e5 9. fxe5 Nd7 10. Be3 c5 11. d5 Nxe5 12. Be2 Bd7 13. Bf4 Qe7 14. a3 Rae8 15.
Qd2 Qd8 16. Rae1 Qb6 17. Nxe5 Bxe5 18. Bxe5 Rxe5 19. Rf6 Nc7 20. Ref1 Ne8 21.
R6f4 Qd8 22. Bd3 a6 23. Qf2 Qe7 24. Nb1 b5 25. Nd2 Rh5 26. b4 cxb4 27. axb4
bxc4 28. Bxc4 Nc7 29. Qb6 Bc8 30. Bd3 Na8 31. Qd4 Nc7 32. Qb6 Na8 33. Qd4 Nc7
34. Nc4 Bd7 35. Qb6 Bb5 36. Nxd6 Bxd3 37. Rxf7 Rxf7 38. Rxf7 Qe5 39. Rxc7 Qxh2+
40. Kf2 Qf4+ 0-1

[Event "2. Bundesliga West 2011/12"]
[Site "Salzburg"]
[Date "2012.01.29"]
[Round "8"]
[Board "3"]
[White "Micheli, Carlo"]
[Black "Rusche, Johannes"]
[Result "0-1"]
[WhiteElo "2268"]
[BlackElo "2233"]
[PlyCount "111"]
[EventDate "2011.10.07"]
[EventType "team"]
[EventRounds "11"]
[EventCountry "AUT"]
[WhiteTeam "Sparkasse Jenbach 2"]
[BlackTeam "Kufstein / Woergl 2"]

1. c4 e6 2. Nf3 d5 3. e3 Nf6 4. Nc3 Be7 5. g4 c5 6. g5 Ne4 7. h4 Nc6 8. Qc2
Nxc3 9. bxc3 e5 10. cxd5 Qxd5 11. e4 Qd6 12. d3 O-O 13. Nd2 Be6 14. Nc4 Bxc4
15. dxc4 Rad8 16. Be3 Qe6 17. Be2 b6 18. Kf1 Rd6 19. Kg2 Rfd8 20. Rad1 Bf8 21.
Kg3 Ne7 22. Rxd6 Rxd6 23. Rd1 Qd7 24. Bg4 Qd8 25. h5 Rxd1 26. Qxd1 Qxd1 27.
Bxd1 Nc6 28. Ba4 Na5 29. Bb5 Bd6 30. f4 Kf8 31. fxe5 Bc7 32. Bf4 Ke7 33. Ba6
Nc6 34. Bb7 Nxe5 35. Bd5 Bd6 36. Kh3 Nxc4 37. Bxc4 Bxf4 38. g6 fxg6 39. hxg6
hxg6 40. Bd5 b5 41. Bc6 a6 42. Bb7 a5 43. Ba6 b4 44. cxb4 cxb4 45. Kg4 Bc1 46.
Bb5 Kf6 47. Be8 g5 48. Ba4 Ke5 49. Kf3 g4+ 50. Kxg4 Kxe4 51. Bd7 g5 52. Ba4 Kd4
53. Bd7 Kc3 54. Kf3 Kb2 55. Be6 a4 56. Kg3 0-1

[Event "2. Bundesliga West 2011/12"]
[Site "Salzburg"]
[Date "2012.01.29"]
[Round "8"]
[Board "4"]
[White "Blaskowski, Johannes"]
[Black "Hoellrigl, Wilfried"]
[Result "1-0"]
[WhiteElo "2303"]
[BlackElo "2186"]
[PlyCount "95"]
[EventDate "2011.10.07"]
[EventType "team"]
[EventRounds "11"]
[EventCountry "AUT"]
[WhiteTeam "Kufstein / Woergl 2"]
[BlackTeam "Sparkasse Jenbach 2"]

1. e4 c5 2. Nf3 Nc6 3. d4 cxd4 4. Nxd4 Nf6 5. Nc3 e5 6. Ndb5 d6 7. Bg5 a6 8.
Na3 b5 9. Nd5 Be7 10. Bxf6 Bxf6 11. c3 Ne7 12. Nxf6+ gxf6 13. g3 f5 14. exf5
Bxf5 15. Bg2 Rb8 16. Nc2 O-O 17. O-O Bxc2 18. Qxc2 d5 19. Rad1 Rb6 20. f4 Re6
21. fxe5 Rxe5 22. Rfe1 Re6 23. Qf2 Qd6 24. Rd4 Rc8 25. Rg4+ Ng6 26. Rg5 Qe7 27.
Rf1 Re2 28. Qf5 Rc7 29. Bxd5 Rxb2 30. Rg4 Qe3+ 31. Kh1 Qe7 32. Re4 Qd7 33. Qh5
Qd8 34. Qf3 Qd7 35. Rd4 Qe7 36. Bxf7+ Kg7 37. Bd5 Rc2 38. Re4 Qg5 39. Re3 Rd7
40. Be4 Rcd2 41. Bxg6 hxg6 42. Qf8+ Kh7 43. Rf7+ Rxf7 44. Qxf7+ Kh6 45. Qf8+
Kh5 46. Qh8+ Kg4 47. h3+ Kf5 48. Qe5# 1-0

[Event "2. Bundesliga West 2011/12"]
[Site "Salzburg"]
[Date "2012.01.29"]
[Round "8"]
[Board "5"]
[White "Heinrich, Thomas"]
[Black "Pitschka, Claus"]
[Result "1/2-1/2"]
[WhiteElo "2115"]
[BlackElo "2235"]
[PlyCount "63"]
[EventDate "2011.10.07"]
[EventType "team"]
[EventRounds "11"]
[EventCountry "AUT"]
[WhiteTeam "Sparkasse Jenbach 2"]
[BlackTeam "Kufstein / Woergl 2"]

1. e4 e5 2. Nf3 d6 3. Nc3 Nf6 4. Bc4 Be7 5. d3 c6 6. h3 b5 7. Bb3 Nbd7 8. Ne2
Nc5 9. c3 Nxb3 10. Qxb3 Be6 11. Qc2 h6 12. O-O O-O 13. d4 Qc7 14. Rd1 a5 15.
Be3 b4 16. c4 Nh7 17. Ng3 Ng5 18. Nxg5 Bxg5 19. Bxg5 hxg5 20. dxe5 dxe5 21. b3
Rfd8 22. Rxd8+ Rxd8 23. Rd1 f6 24. Nf5 Bxf5 25. exf5 Rd4 26. Rxd4 exd4 27. Qe4
Qd7 28. Kf1 Kf7 29. c5 d3 30. Ke1 d2+ 31. Kd1 Kf8 32. f4 1/2-1/2

[Event "2. Bundesliga West 2011/12"]
[Site "Salzburg"]
[Date "2012.01.29"]
[Round "8"]
[Board "6"]
[White "Steinbacher, Thomas"]
[Black "Schnegg, Anna-Lena"]
[Result "1-0"]
[WhiteElo "2053"]
[BlackElo "2017"]
[PlyCount "66"]
[EventDate "2011.10.07"]
[EventType "team"]
[EventRounds "11"]
[EventCountry "AUT"]
[WhiteTeam "Kufstein / Woergl 2"]
[BlackTeam "Sparkasse Jenbach 2"]

1. d4 d5 2. Nf3 Nf6 3. c3 c5 4. dxc5 e6 5. b4 a5 6. Qb3 b6 7. cxb6 axb4 8. cxb4
Nc6 9. b5 Qxb6 10. e3 Ne4 11. Be2 Na5 12. Qb2 Be7 13. Nbd2 Bf6 14. Nd4 Nd6 15.
Qb4 Bd7 16. Rb1 O-O 17. O-O Be7 18. a4 Nf5 19. Qb2 Bf6 20. N2f3 e5 21. Nc2 Rfc8
22. Rd1 Be6 23. Nb4 d4 24. exd4 exd4 25. Bd3 Nc4 26. Qa1 Na5 27. Bg5 Nb3 28.
Qa3 Bxg5 29. Nxg5 Nc5 30. Nxe6 Rxa4 31. Qc1 Qxe6 32. Qc2 Nd6 33. Nc6 Ndb7 1-0

[Event "2. Bundesliga West 2011/12"]
[Site "Salzburg"]
[Date "2012.03.09"]
[Round "9"]
[Board "1"]
[White "Schmidt, Georg"]
[Black "Hommeles, Theo"]
[Result "0-1"]
[WhiteElo "2368"]
[BlackElo "2416"]
[PlyCount "84"]
[EventDate "2011.10.07"]
[EventType "team"]
[EventRounds "11"]
[EventCountry "AUT"]
[WhiteTeam "Rochade Rum"]
[BlackTeam "Bregenz"]

1. e4 g6 2. d4 Bg7 3. Nc3 c6 4. Nf3 d6 5. Be3 Nf6 6. h3 O-O 7. Qd2 b5 8. Bd3
Qc7 9. O-O Nbd7 10. Ne2 e5 11. dxe5 dxe5 12. a4 Bb7 13. Ng3 a6 14. c4 Rfd8 15.
Rfc1 bxa4 16. Rxa4 Nf8 17. Qc3 Ne6 18. c5 Nd7 19. Bc4 Ndf8 20. Ng5 Qe7 21. Nxe6
Nxe6 22. Bxe6 Qxe6 23. Rb4 Ra7 24. Qb3 Qe7 25. h4 Qc7 26. h5 a5 27. Rb6 Ba6 28.
Rd1 Bb5 29. Bg5 Rd4 30. Rxd4 exd4 31. Qf3 Ra8 32. Bf6 Re8 33. Bxg7 Kxg7 34. h6+
Kf8 35. Qf6 Qe5 36. Qxe5 Rxe5 37. Rb8+ Ke7 38. f3 Rxc5 39. Rb7+ Ke6 40. f4 d3
41. f5+ Kd6 42. fxg6 fxg6 0-1

[Event "2. Bundesliga West 2011/12"]
[Site "Salzburg"]
[Date "2012.03.09"]
[Round "9"]
[Board "2"]
[White "Weindl, Alfred"]
[Black "Panteleev, Petar"]
[Result "1/2-1/2"]
[WhiteElo "2339"]
[BlackElo "2347"]
[PlyCount "69"]
[EventDate "2011.10.07"]
[EventType "team"]
[EventRounds "11"]
[EventCountry "AUT"]
[WhiteTeam "Bregenz"]
[BlackTeam "Rochade Rum"]

1. d4 Nf6 2. Bg5 d5 3. Bxf6 exf6 4. e3 c6 5. g3 Bd6 6. Bg2 f5 7. Ne2 Be6 8. Nd2
Nd7 9. Nf4 Qe7 10. O-O Bxf4 11. exf4 O-O 12. c3 Nf6 13. Re1 Ne4 14. Nb3 b6 15.
Rc1 Qd7 16. Rc2 Rfe8 17. Rce2 f6 18. f3 Nd6 19. Bf1 a5 20. Nc1 Kf8 21. Qc2 Bf7
22. Rxe8+ Rxe8 23. Rxe8+ Qxe8 24. Kf2 Qe6 25. Qb3 b5 26. Qc2 Nc4 27. Bxc4 dxc4
28. Qe2 Qd5 29. a3 Be6 30. Qe3 Kf7 31. Ne2 Kf8 32. h3 h5 33. Ng1 Qd7 34. Ne2
Bd5 35. h4 1/2-1/2

[Event "2. Bundesliga West 2011/12"]
[Site "Salzburg"]
[Date "2012.03.09"]
[Round "9"]
[Board "3"]
[White "Heinzel, Olaf"]
[Black "Dobosz, Henryk"]
[Result "1/2-1/2"]
[WhiteElo "2347"]
[BlackElo "2396"]
[PlyCount "136"]
[EventDate "2011.10.07"]
[EventType "team"]
[EventRounds "11"]
[EventCountry "AUT"]
[WhiteTeam "Rochade Rum"]
[BlackTeam "Bregenz"]

1. d4 Nf6 2. Bf4 d5 3. e3 c5 4. Nc3 Bg4 5. f3 Bd7 6. Nb5 Bxb5 7. Bxb5+ Nc6 8.
c3 Qb6 9. Ba4 e6 10. Ne2 Be7 11. g4 a6 12. a3 c4 13. Rb1 Rc8 14. Ng3 Qd8 15. e4
g6 16. e5 Nd7 17. Be3 b5 18. Bc2 Nb6 19. f4 Kd7 20. Qd2 h5 21. gxh5 Bh4 22. Ke2
Ne7 23. hxg6 fxg6 24. Rbg1 Qe8 25. Qd1 Qf7 26. Kd2 Rh7 27. Qg4 Rch8 28. Ne2 Rh6
29. f5 gxf5 30. Qg7 R6h7 31. Qxf7 Rxf7 32. Nf4 Na8 33. Rg2 Nc7 34. Rhg1 Rfh7
35. Ke2 Ke8 36. Bd1 Kd7 37. Kf1 Ne8 38. Bc2 Nc7 39. Rg7 Ne8 40. Rxh7 Rxh7 41.
Bd1 Ng7 42. Ng2 Ne8 43. Bd2 Rh8 44. Nxh4 Rxh4 45. Rg2 Rh7 46. Bf4 Ng7 47. Rg5
Ke8 48. Bg3 Kf7 49. h4 f4 50. Bf2 Ngf5 51. Rg4 Ng6 52. Bc2 Rh5 53. Ke2 Ngxh4
54. Bxh4 Rxh4 55. Bxf5 Rh2+ 56. Kf3 exf5 57. Rg5 Rxb2 58. Rxf5+ Ke7 59. Rh5 Rb3
60. Rh7+ Ke6 61. Kxf4 Rxc3 62. Rh6+ Ke7 63. Rh7+ Ke6 64. Rh6+ Ke7 65. Rh7+ Ke6
66. Rh6+ Ke7 67. Rd6 Rxa3 68. Rxd5 c3 1/2-1/2

[Event "2. Bundesliga West 2011/12"]
[Site "Salzburg"]
[Date "2012.03.09"]
[Round "9"]
[Board "4"]
[White "Herbrechtsmeier, Christof"]
[Black "Gatterer, Florian"]
[Result "1/2-1/2"]
[WhiteElo "2246"]
[BlackElo "2274"]
[PlyCount "127"]
[EventDate "2011.10.07"]
[EventType "team"]
[EventRounds "11"]
[EventCountry "AUT"]
[WhiteTeam "Bregenz"]
[BlackTeam "Rochade Rum"]

1. e4 d5 2. exd5 Qxd5 3. Nc3 Qd6 4. d4 Nf6 5. Nf3 c6 6. Bg5 Bg4 7. Be2 Nbd7 8.
Qd2 e6 9. O-O Qc7 10. Bf4 Bd6 11. Bxd6 Qxd6 12. Qe3 O-O 13. Rfe1 Nd5 14. Nxd5
cxd5 15. c4 dxc4 16. Bxc4 Bxf3 17. Qxf3 Rab8 18. Rad1 b5 19. Bb3 a5 20. d5 e5
21. Bc2 g6 22. g4 Rbc8 23. Bd3 Rc5 24. Qe2 Rb8 25. Be4 Kg7 26. h3 Rbc8 27. Bd3
Rb8 28. Be4 h6 29. Rd2 Rbc8 30. Red1 Nf6 31. Bg2 Rc4 32. Re1 Nd7 33. Be4 R4c5
34. Red1 Kh7 35. Bd3 Rb8 36. Be4 Kh8 37. Rc2 Kg7 38. Qd2 b4 39. Rxc5 Nxc5 40.
Bg2 Rc8 41. Rc1 Rc7 42. Qe2 Na6 43. Rc6 Rxc6 44. dxc6 Nc7 45. Qe3 a4 46. Qa7 a3
47. bxa3 bxa3 48. Qb7 Kf6 49. Qc8 Kg7 50. Qb7 Ne6 51. Bf1 Qc5 52. Qd7 e4 53.
Bg2 e3 54. fxe3 Qxe3+ 55. Kh1 Nd4 56. Bd5 Qxh3+ 57. Kg1 Qg3+ 58. Kh1 Qe1+ 59.
Kg2 Qe2+ 60. Kg1 Qd1+ 61. Kg2 Qd2+ 62. Kh1 Qe1+ 63. Kg2 Qe2+ 64. Kh1 1/2-1/2

[Event "2. Bundesliga West 2011/12"]
[Site "Salzburg"]
[Date "2012.03.09"]
[Round "9"]
[Board "5"]
[White "Hengl, Christian"]
[Black "Poettinger, Harald"]
[Result "1/2-1/2"]
[WhiteElo "2240"]
[BlackElo "2200"]
[PlyCount "60"]
[EventDate "2011.10.07"]
[EventType "team"]
[EventRounds "11"]
[EventCountry "AUT"]
[WhiteTeam "Rochade Rum"]
[BlackTeam "Bregenz"]

1. e4 d6 2. Nc3 Nf6 3. g3 e5 4. Bg2 Be7 5. Nge2 c6 6. d4 b5 7. a3 Bb7 8. O-O
Nbd7 9. Be3 h5 10. h3 h4 11. g4 a6 12. Qd2 O-O 13. Rad1 Rc8 14. b3 Rc7 15. f4
exf4 16. Nxf4 Nh7 17. Kh1 Bg5 18. Qf2 Qe7 19. Rfe1 Qf6 20. Qd2 Qh6 21. Qf2 Qf6
22. e5 dxe5 23. Ne4 Qh6 24. dxe5 Nxe5 25. Nxg5 Nxg5 26. Bc5 Re8 27. Rd6 f6 28.
Rd2 Rcc8 29. Rde2 Rcd8 30. Nd3 Ngf7 1/2-1/2

[Event "2. Bundesliga West 2011/12"]
[Site "Salzburg"]
[Date "2012.03.09"]
[Round "9"]
[Board "6"]
[White "Mira, Helene"]
[Black "Jedinger, Andreas"]
[Result "1/2-1/2"]
[WhiteElo "2083"]
[BlackElo "2191"]
[PlyCount "60"]
[EventDate "2011.10.07"]
[EventType "team"]
[EventRounds "11"]
[EventCountry "AUT"]
[WhiteTeam "Bregenz"]
[BlackTeam "Rochade Rum"]

1. Nf3 c5 2. c4 Nc6 3. d4 cxd4 4. Nxd4 Nf6 5. Nc3 g6 6. e4 d6 7. Be2 Nxd4 8.
Qxd4 Bg7 9. Be3 O-O 10. Qd2 Be6 11. O-O Rc8 12. b3 a6 13. Rac1 Re8 14. f3 Qa5
15. Rfd1 Nd7 16. Nd5 Qxd2 17. Rxd2 Bxd5 18. Rxd5 Rc6 19. Rcd1 Rec8 20. Kf1 h5
21. h4 Bf6 22. g3 Nc5 23. Bxc5 Rxc5 24. Kf2 a5 25. f4 Rxd5 26. Rxd5 Rc5 27.
Rxc5 dxc5 28. e5 Bg7 29. Bf3 b6 30. Bd5 e6 1/2-1/2

[Event "2. Bundesliga West 2011/12"]
[Site "Salzburg"]
[Date "2012.03.09"]
[Round "9"]
[Board "2"]
[White "Krassowizkij, Jaroslaw"]
[Black "Lanka, Zigurds"]
[Result "1/2-1/2"]
[WhiteElo "2356"]
[BlackElo "2442"]
[PlyCount "95"]
[EventDate "2011.10.07"]
[EventType "team"]
[EventRounds "11"]
[EventCountry "AUT"]
[WhiteTeam "Goetzis"]
[BlackTeam "Zillertal"]

1. c4 c5 2. g3 g6 3. Bg2 Bg7 4. Nf3 Nc6 5. Nc3 d6 6. O-O Bd7 7. a3 Qc8 8. Rb1
Bh3 9. b4 Bxg2 10. Kxg2 Qd7 11. Qa4 Rd8 12. Bb2 b6 13. b5 Ne5 14. Nd5 e6 15.
Ne3 Qb7 16. Qa6 Qxa6 17. bxa6 Ne7 18. Ng4 N7c6 19. d3 f5 20. Ngxe5 dxe5 21. a4
O-O 22. Ba3 Bf6 23. Rfd1 Rf7 24. Nd2 Nd4 25. Kf1 Rfd7 26. a5 Nc2 27. Rb3 e4 28.
axb6 axb6 29. dxe4 fxe4 30. Bc1 e3 31. fxe3 Bg5 32. Kg1 Bxe3+ 33. Kh1 Bh6 34.
Rxb6 Nb4 35. Rxe6 Ra8 36. e3 Nc2 37. Rf1 Nxe3 38. Re1 Ng4 39. Ne4 Bxc1 40. Rxc1
Rd4 41. Nf6+ Kf7 42. Rb6 Nxf6 43. Rf1 Rxc4 44. Rbxf6+ Kg7 45. Rf7+ Kg8 46. Rc7
Rxa6 47. Rff7 Rc2 48. Rg7+ 1/2-1/2

[Event "2. Bundesliga West 2011/12"]
[Site "Salzburg"]
[Date "2012.03.09"]
[Round "9"]
[Board "3"]
[White "Kleissl, Helmut"]
[Black "Schloetzer, Waldemar"]
[Result "1/2-1/2"]
[WhiteElo "2306"]
[BlackElo "2308"]
[PlyCount "127"]
[EventDate "2011.10.07"]
[EventType "team"]
[EventRounds "11"]
[EventCountry "AUT"]
[WhiteTeam "Zillertal"]
[BlackTeam "Goetzis"]

1. c4 e6 2. g3 d5 3. Bg2 Nf6 4. Nf3 Be7 5. O-O O-O 6. d3 c5 7. Nbd2 Nc6 8. e4
dxe4 9. dxe4 e5 10. h3 Qc7 11. b3 a6 12. Bb2 b5 13. b4 Rd8 14. bxc5 Bxc5 15.
Qe2 b4 16. Nb3 Bf8 17. a3 bxa3 18. Bxa3 Rb8 19. Nfd2 a5 20. Bxf8 Kxf8 21. Rfc1
Rb4 22. Qe3 a4 23. Nc5 Qd6 24. Nf3 Nd4 25. Nxa4 Nb3 26. Rd1 Qe7 27. Rxd8+ Qxd8
28. Rb1 Qa5 29. Rxb3 Rxa4 30. Rb5 Qc7 31. Nxe5 Bb7 32. Qc5+ Qxc5 33. Rxc5 Ra1+
34. Kh2 Bxe4 35. Rc7 Ra2 36. Bxe4 Nxe4 37. Kg1 f6 38. Nd3 Rd2 39. Nf4 Nxf2 40.
Ne6+ Kg8 41. Rxg7+ Kh8 42. Rf7 Nxh3+ 43. Kf1 Rf2+ 44. Ke1 h6 45. Nf4 Ng5 46.
Rxf6 Rh2 47. Ne6 Ne4 48. Rf8+ Kh7 49. Nd4 Nxg3 50. Rf4 Nh5 51. Re4 Nf6 52. Rf4
Nh5 53. Rf5 Rh4 54. Rd5 Nf6 55. Rd8 Kg6 56. c5 Rh5 57. c6 Rc5 58. Rd6 Kf7 59.
Ke2 h5 60. Rd8 Ke7 61. Rh8 Nd5 62. Kd3 Nb4+ 63. Ke4 Nxc6 64. Nxc6+ 1/2-1/2

[Event "2. Bundesliga West 2011/12"]
[Site "Salzburg"]
[Date "2012.03.09"]
[Round "9"]
[Board "4"]
[White "Kessler, Luca"]
[Black "Tabernig, Bernhard"]
[Result "1-0"]
[WhiteElo "2247"]
[BlackElo "2317"]
[PlyCount "134"]
[EventDate "2011.10.07"]
[EventType "team"]
[EventRounds "11"]
[EventCountry "AUT"]
[WhiteTeam "Goetzis"]
[BlackTeam "Zillertal"]

1. d4 d5 2. c4 e6 3. Nf3 c6 4. e3 Nd7 5. b3 f5 6. Bd3 Nh6 7. O-O Bd6 8. Ba3 Bb8
9. Nc3 Qf6 10. Rc1 Kf7 11. b4 a6 12. Qb3 Nb6 13. Bb2 Ng4 14. h3 h5 15. g3 g5
16. Kg2 Qh6 17. hxg4 hxg4 18. Ne5+ Bxe5 19. Rh1 dxc4 20. Bxc4 Qg6 21. dxe5 Bd7
22. Rxh8 Rxh8 23. Rh1 Rxh1 24. Kxh1 f4 25. e4 c5 26. bxc5 Nxc4 27. Qxc4 Bc6 28.
Kg1 Qh7 29. Bc1 Qh3 30. gxf4 g3 31. fxg3 Qxg3+ 32. Kf1 gxf4 33. Qd4 Qh3+ 34.
Ke1 Qh1+ 35. Kd2 Qg2+ 36. Kd1 f3 37. Be3 Qb2 38. Qd2 Qb4 39. Ke1 Bxe4 40. Nxe4
Qxe4 41. Kf2 Qxe5 42. Kxf3 Qf5+ 43. Ke2 Qh5+ 44. Kd3 Ke8 45. Kc3 Qf3 46. Qd3
Qg2 47. Kb3 Qf3 48. Kb4 Qg2 49. a4 Qg3 50. Qd4 Qe1+ 51. Bd2 Qh1 52. Ka5 Qc6 53.
Bf4 Kf7 54. Qd6 Qe4 55. Kb6 Qb4+ 56. Ka7 Kf6 57. Bd2 Qb3 58. Qd4+ e5 59. Qb4
Qd5 60. Qb6+ Kf5 61. Bb4 a5 62. Bxa5 e4 63. Bb4 Qd7 64. a5 e3 65. Qxb7 Qd1 66.
c6 e2 67. c7 Qd7 1-0

[Event "2. Bundesliga West 2011/12"]
[Site "Salzburg"]
[Date "2012.03.09"]
[Round "9"]
[Board "5"]
[White "Csrnko, Werner"]
[Black "Schmidlechner, Alexander"]
[Result "0-1"]
[WhiteElo "1935"]
[BlackElo "2273"]
[PlyCount "106"]
[EventDate "2011.10.07"]
[EventType "team"]
[EventRounds "11"]
[EventCountry "AUT"]
[WhiteTeam "Zillertal"]
[BlackTeam "Goetzis"]

1. c4 c6 2. g3 d5 3. cxd5 cxd5 4. d4 Nf6 5. Nf3 Bf5 6. Nc3 e6 7. Bg5 Qb6 8. Qb3
Qxb3 9. axb3 Nc6 10. Bg2 Bc2 11. O-O Bxb3 12. Nb5 Kd7 13. Ne5+ Nxe5 14. dxe5
Ng4 15. Nd4 Bc4 16. b3 Ba6 17. Rfc1 Nxe5 18. Bd2 Bd6 19. f4 Ng4 20. e4 dxe4 21.
Bxe4 Rac8 22. b4 Rxc1+ 23. Rxc1 Nf6 24. Bc2 Rc8 25. Ba4+ b5 26. Rxc8 Kxc8 27.
Nxb5 Bxb5 28. Bxb5 Nd5 29. Ba6+ Kb8 30. Bd3 Bxb4 31. Bc1 f5 32. Bb2 Bc3 33. Ba3
Bd4+ 34. Kf1 Kc7 35. Bf8 a5 36. Ke1 g6 37. Kd2 Bc3+ 38. Kc2 Bb4 39. Bg7 Bc5 40.
Kb3 Nb6 41. h3 Kc6 42. Be2 a4+ 43. Ka2 Nd5 44. Bf3 Kb5 45. Be2+ Ka5 46. Be5 Kb6
47. Bc4 Bf2 48. g4 Kc5 49. Be2 Bd4 50. Bxd4+ Kxd4 51. Ka3 Nxf4 52. Bf1 e5 53.
Kxa4 e4 0-1

[Event "2. Bundesliga West 2011/12"]
[Site "Salzburg"]
[Date "2012.03.09"]
[Round "9"]
[Board "6"]
[White "Kranz, Armin"]
[Black "Kroell, Stefan"]
[Result "1-0"]
[WhiteElo "2100"]
[BlackElo "1748"]
[PlyCount "45"]
[EventDate "2011.10.07"]
[EventType "team"]
[EventRounds "11"]
[EventCountry "AUT"]
[WhiteTeam "Goetzis"]
[BlackTeam "Zillertal"]

1. d4 d5 2. Nf3 Nf6 3. c4 e6 4. g3 c6 5. Qc2 Bb4+ 6. Bd2 Bd6 7. Bg2 Nbd7 8. O-O
Ne4 9. Bc1 O-O 10. Nc3 f5 11. Bf4 Bxf4 12. gxf4 Ndf6 13. b3 Qa5 14. Nd1 Bd7 15.
Rc1 Rae8 16. Nb2 Re7 17. Nd3 Be8 18. Nfe5 Nd6 19. a4 dxc4 20. bxc4 Nf7 21. Rb1
Rc7 22. Nc5 b6 23. Nxe6 1-0

[Event "2. Bundesliga West 2011/12"]
[Site "Salzburg"]
[Date "2012.03.09"]
[Round "9"]
[Board "1"]
[White "Bayer, Bernhard"]
[Black "Zelcic, Robert"]
[Result "0-1"]
[WhiteElo "2434"]
[BlackElo "2558"]
[PlyCount "76"]
[EventDate "2011.10.07"]
[EventType "team"]
[EventRounds "11"]
[EventCountry "AUT"]
[WhiteTeam "Schwaz"]
[BlackTeam "Schwarzach"]

1. d4 Nf6 2. c4 e6 3. Nc3 Bb4 4. e3 b6 5. Nge2 c5 6. a3 Ba5 7. Rb1 Na6 8. Bd2
O-O 9. Ng3 Bb7 10. f3 cxd4 11. exd4 Bxc3 12. bxc3 Nc7 13. Bd3 Ba6 14. O-O d5
15. Qe2 Bxc4 16. Bxc4 dxc4 17. Qxc4 b5 18. Qc6 Rc8 19. Qb7 a6 20. Ne4 Nfd5 21.
Qc6 Rb8 22. a4 Rb6 23. Qc5 Qa8 24. axb5 Nxb5 25. c4 Rc6 26. cxb5 Rxc5 27. dxc5
axb5 28. Rfc1 Qc6 29. Be1 h6 30. Bg3 Ra8 31. Rb2 b4 32. Bf2 Ra3 33. h3 f5 34.
Nd6 Nf4 35. Rc4 Ra1+ 36. Kh2 Nd3 37. Rd2 Nxf2 38. Rxf2 Rd1 0-1

[Event "2. Bundesliga West 2011/12"]
[Site "Salzburg"]
[Date "2012.03.09"]
[Round "9"]
[Board "2"]
[White "Krstic, Uros"]
[Black "Fuchs, Georg"]
[Result "1-0"]
[WhiteElo "2459"]
[BlackElo "2289"]
[PlyCount "61"]
[EventDate "2011.10.07"]
[EventType "team"]
[EventRounds "11"]
[EventCountry "AUT"]
[WhiteTeam "Schwarzach"]
[BlackTeam "Schwaz"]

1. e4 e5 2. Nf3 Nf6 3. Nxe5 d6 4. Nf3 Nxe4 5. c4 Be7 6. d4 O-O 7. Bd3 Nf6 8. h3
d5 9. O-O dxc4 10. Bxc4 c6 11. Nc3 Nbd7 12. Re1 b5 13. Bb3 b4 14. Na4 Ba6 15.
Bf4 Bb5 16. Rc1 Rc8 17. Bg3 Nb6 18. Nxb6 axb6 19. d5 Bc5 20. d6 Nh5 21. Bh2 Qf6
22. Be5 Qg6 23. Nh4 Qg5 24. Qg4 h6 25. Nf5 Rcd8 26. Rcd1 g6 27. Qxg5 hxg5 28.
Nh6+ Kh7 29. Nxf7 Rd7 30. Nxg5+ Kh6 31. Ne4 1-0

[Event "2. Bundesliga West 2011/12"]
[Site "Salzburg"]
[Date "2012.03.09"]
[Round "9"]
[Board "3"]
[White "Blaas, Hansjoerg"]
[Black "Brumen, Dinko"]
[Result "1/2-1/2"]
[WhiteElo "2234"]
[BlackElo "2347"]
[PlyCount "59"]
[EventDate "2011.10.07"]
[EventType "team"]
[EventRounds "11"]
[EventCountry "AUT"]
[WhiteTeam "Schwaz"]
[BlackTeam "Schwarzach"]

1. e4 e6 2. d4 d5 3. e5 c5 4. c3 Bd7 5. Nf3 Qb6 6. Be2 Bb5 7. O-O Bxe2 8. Qxe2
Nc6 9. Be3 Nh6 10. dxc5 Bxc5 11. Bxc5 Qxc5 12. Nbd2 Nf5 13. Nb3 Qb6 14. Rad1
O-O 15. Nfd4 Nfxd4 16. Nxd4 a5 17. f4 a4 18. Rf3 Rfc8 19. Qf2 Nxd4 20. Rxd4 a3
21. b3 Rc6 22. h3 Qc7 23. Qe3 Rc8 24. c4 dxc4 25. bxc4 Ra8 26. Rd3 Rca6 27. c5
h6 28. Qc1 Qa5 29. Rb3 R8a7 30. Rfd3 1/2-1/2

[Event "2. Bundesliga West 2011/12"]
[Site "Salzburg"]
[Date "2012.03.09"]
[Round "9"]
[Board "4"]
[White "Hecht, Hans-Joachim"]
[Black "Gruber, Michael"]
[Result "1/2-1/2"]
[WhiteElo "2383"]
[BlackElo "2125"]
[PlyCount "65"]
[EventDate "2011.10.07"]
[EventType "team"]
[EventRounds "11"]
[EventCountry "AUT"]
[WhiteTeam "Schwarzach"]
[BlackTeam "Schwaz"]

1. Nf3 f5 2. b4 Nf6 3. Bb2 e6 4. a3 Be7 5. e3 O-O 6. Be2 a5 7. b5 c6 8. c4 d5
9. O-O Nbd7 10. Nc3 c5 11. cxd5 exd5 12. d4 c4 13. Ne5 Nb6 14. f3 Be6 15. Qc2
Nfd7 16. f4 Nf6 17. Bf3 Qe8 18. a4 Bb4 19. Ba3 Qe7 20. Qb2 Bxa3 21. Qxa3 Qxa3
22. Rxa3 Bf7 23. h3 h5 24. g3 g6 25. Kf2 Kg7 26. Ke2 Be6 27. Kd2 Rh8 28. Rg1
Rad8 29. Raa1 Rd6 30. Rae1 Rdd8 31. Re2 Rd6 32. Reg2 Bc8 33. Rf2 1/2-1/2

[Event "2. Bundesliga West 2011/12"]
[Site "Salzburg"]
[Date "2012.03.09"]
[Round "9"]
[Board "5"]
[White "Kondrak, Christof"]
[Black "Ljubic, Juro"]
[Result "0-1"]
[WhiteElo "2176"]
[BlackElo "2190"]
[PlyCount "90"]
[EventDate "2011.10.07"]
[EventType "team"]
[EventRounds "11"]
[EventCountry "AUT"]
[WhiteTeam "Schwaz"]
[BlackTeam "Schwarzach"]

1. d4 c5 2. dxc5 e6 3. a3 Bxc5 4. c4 Nf6 5. e3 O-O 6. Nc3 b6 7. b4 Be7 8. Bb2
Bb7 9. Qb3 Ne4 10. Nf3 a5 11. Bd3 Nxc3 12. Bxc3 axb4 13. axb4 Rxa1+ 14. Bxa1
Bxf3 15. gxf3 Bf6 16. Ke2 Nc6 17. Bxf6 Qxf6 18. Be4 Qe7 19. Rb1 Rd8 20. f4 e5
21. fxe5 Nxe5 22. Qc2 g6 23. c5 Rc8 24. Rc1 Qh4 25. Bb7 Qh5+ 26. Kf1 Rc7 27.
Qe4 Qxh2 28. Ra1 bxc5 29. Ra5 d6 30. b5 Qh3+ 31. Ke2 Qd7 32. Bd5 Ra7 33. Qa4
Rxa5 34. Qxa5 Qg4+ 35. Kd2 Qf5 36. e4 Qxf2+ 37. Kd1 Qd4+ 38. Kc1 Nd3+ 39. Kd2
Ne5+ 40. Kc2 Qd3+ 41. Kb2 Kg7 42. b6 Qxd5 43. Qa7 Nc4+ 44. Kc3 Qd4+ 45. Kb3
Nxb6 0-1